000 00315nam a22001337a 4500
008 170724b xxu||||| |||| 00| 0 eng d
020 _a9781852334642
041 _aeng
080 _a004
100 _a29
101 _aSHK
245 _aINTRODUCTION TO LANGUAGES, MACHINES AND LOGIC
_cPARKES,A.P
942 _2udc
_cBK
999 _c21784
_d21784